000 00512cam a22001937i 4500
005 20260125112840.0
008 250721s ii cr 000 j eng d
020 _a9789389504040
082 1 4 _aF
_bM A G
245 0 4 _aTHE MAGIC PAINTBRUSH /
264 3 1 _aDELHI :
_bMANOJ PUBLICATIONS،
_c[20--].
300 _a16 page.
490 1 _aSawan.
650 1 7 _aFiction.
653 _aاطفال مرحلة متوسطة(6-9)سنوات.
830 0 _aSawan.
942 _2ddc
_cBK
999 _c144402
_d144402